000 01306nam a2200337 i 4500
001 46287
003 KOSZ 005
005 20220517151538.0
008 040924s2004 pl a |001 0 pol
015 _aPB 2005/8845
020 _a8388537202
040 _aWA N
_cWA N
_dKOSZ 005/HR
046 _k2004
080 _a37.016:796/799
080 _a37.091.124
100 1 _aSiwiński, Wiesław
_d(1934- )
_eAutor
245 1 0 _aRekreacja ruchowa :
_bzagadnienia teoretyczno-metodologiczne /
_cWiesław Siwiński, Roman Dawid Tauber.
260 _aPoznań :
_bWydaw. Naukowe WSHiG,
_c2004.
300 _a308 s. :
_brys. ;
_c24 cm.
380 _aKsiążki
388 _a2001-
490 1 _aPodręczniki i Monografie / [Wyższa Szkoła Hotelarstwa i Gastronomii w Poznaniu],
_x1640-1298.
504 _aBibliogr. s. 299-306 i przy rozdz. Indeks.
650 4 _aNauczyciele wychowania fizycznego
650 4 _aWychowanie fizyczne (przedmiot szkolny)
658 _aEdukacja i pedagogika
700 1 _aTauber, Roman Dawid
_d(1945-2019)
_eAutor
830 0 _aPodręczniki i Monografie - Wyższa Szkoła Hotelarstwa i Gastronomii w Poznaniu.
856 _uhttp://koha.tu.koszalin.pl/cgi-bin/koha/opac-detail.pl?biblionumber=46287
_yKatalog online BPK
942 _2UKD
_cKS
999 _c46287
_d46287